• 首页
  • 本馆介绍
  • 公告通知
  • 最新文献
  • 馆藏检索
  • 电子资源
  • 读者导购
  • 参考咨询
  • 我的图书馆
  • 登录
  • 详细信息显示
  • 放入我的书架
  • 预约/预借图书
  • 作者相关作品
  • 分类相关作品
  • 丛书相关作品
  • 出版社相关作品

书目信息

  • 表格格式
  • 工作单格式
  • 卡片格式
题名:
遥感导论
    
 
作者: 梅安新 , 秦其明 , 刘慧平 , 彭望琭 编著
分册:  
出版信息: 北京   高等教育出版社  2001.07
页数: 324页
开本: 26cm
丛书名: 面向21世纪课程教材
单 册:
中图分类: TP7
科图分类:
主题词: 遥感技术--高等教育--教材
电子资源:
ISBN: 7-04-007264-5
000 00731nam0 2200241 45
001 0211060954
005 20070622112514.76
010    @a7-04-007264-5@dCNY18.80
100    @a20021106d2001 km y0chiy0120 ea
101 0  @achi
200 1  @a遥感导论@AYao Gan Dao Lun@f梅安新,彭望琭,秦其明,刘慧平编著@FMei An Xin,Peng Wang Lu,Qin Qi Ming,Liu Hui Ping Bian Zhu
210    @a北京@c高等教育出版社@d2001.07
215    @a324页@d26cm
225    @a面向21世纪课程教材
410    @12001 @a面向21世纪课程教材
606 0  @a遥感技术@x高等教育@x教材
690    @aTP7@v4
701  0 @a梅安新@4编著
701  0 @a秦其明@4编著
701  0 @a刘慧平@4编著
701  0 @a彭望琭@4编著
801    @aCN@bTSTC@c20070622
905    @b316986-993@dTP7@e12@f8
    
    遥感导论/梅安新,彭望琭,秦其明,刘慧平编著.-北京:高等教育出版社,2001.07
    324页;26cm.-(面向21世纪课程教材)
    
    
    ISBN 7-04-007264-5:CNY18.80
    
●
相关链接 在E读中查询图书 在五车中查询图书 在当当中查询图书 在豆瓣中查询图书


正题名:遥感导论     索取号:TP7/12         预约/预借

序号 登录号 条形码 馆藏地/架位号 状态 备注
1 0316986   203169864   第三借阅区/ [索取号:TP7/12] 在馆    
2 0316987   203169873   第三借阅区/ [索取号:TP7/12] 在馆    
3 0316988   203169882   第三借阅区/ [索取号:TP7/12] 在馆    
4 0316989   203169891   第三借阅区/ [索取号:TP7/12] 在馆    
5 0316990   203169908   第三借阅区/ [索取号:TP7/12] 在馆    
6 0316991   203169917   第三借阅区/ [索取号:TP7/12] 在馆    
7 0316992   203169926   第三借阅区/ [索取号:TP7/12] 在馆    
8 0316993   203169935   第二样本阅览室/ [索取号:TP7/12] 在馆    
9 0668876   206688761   库房3/ [索取号:TP7/12] 在馆    
10 0668877   206688770   第三借阅区/ [索取号:TP7/12] 在馆    
11 0668878   206688789   库房3/ [索取号:TP7/12] 在馆    
12 0668879   206688798   库房3/ [索取号:TP7/12] 在馆    
13 0668880   206688805   库房3/ [索取号:TP7/12] 在馆    
唐山师范学院图书馆 欢迎您!
大连网信软件有限公司© 版权所有